Pokémon - Questionnaire sur toutes les générations - Statistiques

Statistiques générales
  • Ce quiz a été pris 503 fois
    472 depuis la dernière actualisation
  • Le résultat moyen est 43 sur 71
Statistiques - réponses
Jeu Question Réponse % Correct
Génération 1 Nom de la région Kanto
98%
Génération 1 Nom du professeur Chen
96%
Génération 1 Pokémon de type Spectre Fantominus / Spectrum / Ectoplasma
95%
Génération 1 Pokémon fabuleux Mew
95%
Génération 1 Nom de l'organisation antagoniste Team Rocket
95%
Génération 2 Nom de l'organisation antagoniste Team Rocket
95%
Génération 1 Ville de départ Bourg Palette
92%
Génération 2 Nom de la région Johto
92%
Génération 1 Maître de la Ligue Blue
86%
Génération 3 Nom de la région Hoenn
85%
Génération 4 Nom de la région Sinnoh
84%
Génération 5 Pokémon commençant par V Vaututrice / Venipatte / Victini / Vipélierre / Viridium / Viskuse / Vivaldaim / Vostourno
84%
Génération 3 Nom de l'organisation antagoniste Team Aqua / Team Magma
82%
Génération 2 Pokémon fabuleux Celebi
81%
Génération 5 Nom de la région Unys
80%
Génération 5 Pokémon fabuleux Victini / Keldeo / Meloetta / Genesect
80%
Génération 6 Nom de la région Kalos
78%
Génération 4 Pokémon fabuleux Phione / Manaphy / Darkrai / Shaymin / Arceus
78%
Génération 1 Pokémon commençant par V Voltali / Voltorbe
78%
Génération 7 Nom de la région Alola
77%
Génération 3 Pokémon fabuleux Jirachi / Deoxys
77%
Génération 4 Nom de l'organisation antagoniste Team Galaxie
77%
Génération 2 Maître de la Ligue Peter
76%
Génération 4 Pokémon de type Spectre Magirêve / Noctunoir / Giratina / Motisma / Momartik / Spiritomb / Baudrive / Grodrive
75%
Génération 4 Maître de la Ligue Cynthia
74%
Génération 5 Nom de l'organisation antagoniste Team Plasma
74%
Génération 3 Pokémon de type Spectre Polichombr / Branette / Skelénox / Téraclope / Munja / Ténéfix
73%
Génération 8 Nom de la région Galar / Hisui
72%
Génération 3 Maître de la Ligue Pierre / Marc
72%
Génération 6 Pokémon fabuleux Diancie / Hoopa / Volcanion
68%
Génération 5 Pokémon de type Spectre Tutafeh / Tutankafer / Viskuse / Moyade / Funécire / Mélancolux / Lugulabre / Gringolem / Golemastoc
68%
Génération 2 Nom du professeur Orme
67%
Génération 9 Nom de la région Paldea
66%
Génération 6 Nom de l'organisation antagoniste Team Flare
65%
Génération 7 Nom de l'organisation antagoniste Team Skull / Fondation Aether
64%
Génération 5 Maître de la Ligue Goyah / Iris
63%
Génération 7 Pokémon de type Spectre Marshadow / Mimiqui / Pierroteknik / Archéduc / Sinistrail / Lunala / Bacabouh / Trépassable
63%
Génération 6 Nom du professeur Platane
63%
Génération 2 Pokémon de type Spectre Feuforêve
61%
Génération 7 Pokémon fabuleux Magearna / Marshadow / Zeraora / Meltan / Melmetal
60%
Génération 6 Pokémon commençant par V Venalgue / Volcanion
57%
Génération 6 Maître de la Ligue Dianthéa
56%
Génération 7 Nom du professeur Euphorbe
55%
Génération 6 Pokémon de type Spectre Monorpale / Dimoclès / Exagide / Brocélôme / Desséliande / Pitrouille / Banshitrouye
55%
Génération 4 Nom du professeur Sorbier
55%
Génération 8 Maître de la Ligue Tarak
52%
Génération 3 Ville de départ Bourg-en-Vol
51%
Génération 2 Ville de départ Bourg Geon
51%
Génération 3 Nom du professeur Seko
49%
Génération 9 Pokémon de type Spectre Toutombe / Tomberro / Mordudor / Gromago / Courrousinge / Flotte-Mèche / Flâmigator / Malvalame / Virovent / Virevorreur
47%
Génération 9 Pokémon commençant par V Vert-de-Fer / Virevorreur / Virovent / Vrombi / Vrombotor
47%
Génération 9 Nom de l'organisation antagoniste Team Star
46%
Génération 8 Pokémon de type Spectre Théffroi / Polthégeist / Corayôme / Spectreval / Fantyrm / Dispareptil / Lanssorien / Paragruel / Tutétékri
46%
Génération 3 Pokémon commençant par V Vacilys / Vibraninf / Vigoroth
43%
Génération 5 Nom du professeur Keteleeria
42%
Génération 7 Pokémon commençant par V Vémini / Vorastérie
42%
Génération 8 Pokémon fabuleux Zarude
39%
Génération 8 Nom de l'organisation antagoniste Team Yell
38%
Génération 6 Ville de départ Bourg Croquis
33%
Génération 4 Pokémon commençant par V Vortente
32%
Génération 8 Nom du professeur Magnolia / Lavande
30%
Génération 7 Maître de la Ligue Joueur
27%
Génération 8 Pokémon commençant par V Verpom / Voltoutou
27%
Génération 2 Pokémon commençant par V Volcaropod
27%
Génération 9 Maître de la Ligue Alisma
26%
Génération 4 Ville de départ Bonaugure
25%
Génération 5 Ville de départ Renouet / Pavonnay
25%
Génération 9 Nom du professeur Turum / Olim
25%
Génération 8 Ville de départ Paddoxton
18%
Génération 7 Ville de départ Lili'i
16%
Génération 9 Ville de départ Cuchalaga
9%
Aucun quiz correspondant
Distribution des résultats
% des personnes avec chaque résultat
Percentile par nombre de réponses
Votre historique - résultats
Vous n’avez pas pris ce quiz depuis la dernière actualisation